| 000 | 00801nam a22002411a 4500 | ||
|---|---|---|---|
| 005 | 20110718133145.0 | ||
| 008 | 091005s1994 001 0 eng d | ||
| 020 | _c0.00 | ||
| 040 | _aNEGST Library - Kenya | ||
| 050 | 4 | _aBS 325.D56 1994 | |
| 082 | 0 | _aBS 325.D56 1994 | |
| 100 | 1 | _aAssociation Ivoirienne pour la Traductio. | |
| 245 | 1 | 0 | _aKibaro Diman. |
| 260 |
_bSociete Biblique Interna, _c1994. |
||
| 300 | _a626 p. : ill. | ||
| 500 | _a"Le Nouveau Testament en Dioula de Cote d'Ivoire." - T.p. verso. [Africana] | ||
| 600 | 1 | 0 | _aBible. N.T. Dioula. 1994. |
| 600 | 1 | 0 | _aDioula language - Bible. |
| 600 | 1 | 0 | _aDioula language - Texts. |
| 600 | 1 | 0 |
_aNew Testament _xDioula. |
| 852 | _912.00 | ||
| 852 | _950.00 | ||
| 999 |
_c40055 _d40055 |
||